[Event "CHN-ch (Women)"]
[Site "Xinghua"]
[Date "2024.05.14"]
[Round "9"]
[White "Lu, Miaoyi"]
[Black "Song, Yuxin"]
[Result "1-0"]
[WhiteElo "2439"]
[BlackElo "2381"]
[PlyCount "103"]
[EventDate "2024.05.06"]
[EventType "tourn"]
[EventRounds "11"]
[EventCountry "CHN"]
[EventCategory "1"]
[SourceTitle "CB21_2024"]
[SourceDate "2024.05.22"]
[SourceVersion "1"]
[SourceVersionDate "2024.05.22"]
[SourceQuality "1"]

1. e4 c5 2. Nf3 d6 3. Nc3 Nf6 4. Be2 a6 5. 0-0 e6 6. d4 cxd4 7. Nxd4 Be7 8. a4 Bd7 9. Qd3 Nc6 10. Nxc6 Bxc6 11. Rd1 0-0 12. Bf4 Qa5 13. Rab1 Qb4 14. Bxd6 Bxd6 15. Qxd6 Qxd6 16. Rxd6 Bxe4 17. Nxe4 Nxe4 18. Rd4 Nc5 19. a5 Rac8 20. Rbd1 e5 21. Rc4 Ne6 22. c3 Rcd8 23. g3 f5 24. Rb4 Rxd1+ 25. Bxd1 Nc5 26. Bc2 e4 27. Rc4 Ne6 28. Bb3 Kh8 29. Rb4 Nc5 30. Bd5 Rd8 31. c4 Rd6 32. h4 g6 33. Kf1 h6 34. Ke2 g5 35. Rb6 Rxb6 36. axb6 a5 37. hxg5 hxg5 38. Ke3 f4+ 39. gxf4 gxf4+ 40. Kxf4 Kg7 41. Ke3 Kf6 42. Kd4 Nb3+ 43. Kxe4 Nc5+ 44. Kd4 Nb3+ 45. Kc3 Nc5 46. b4 axb4+ 47. Kxb4 Nd3+ 48. Kb5 Nxf2 49. Bxb7 Nd3 50. Be4 Ne5 51. b7 Nd7 52. Kc6 1-0

[Event "CHN-ch (Women)"]
[Site "Xinghua"]
[Date "2024.05.11"]
[Round "6"]
[White "Ni, Shiqun"]
[Black "Lu, Miaoyi"]
[Result "1/2-1/2"]
[WhiteElo "2324"]
[BlackElo "2439"]
[PlyCount "92"]
[EventDate "2024.05.06"]
[EventType "tourn"]
[EventRounds "11"]
[EventCountry "CHN"]
[EventCategory "1"]
[SourceTitle "CB21_2024"]
[SourceDate "2024.05.22"]
[SourceVersion "1"]
[SourceVersionDate "2024.05.22"]
[SourceQuality "1"]

1. e4 e5 2. Nf3 Nc6 3. Bc4 Nf6 4. d3 Be7 5. 0-0 0-0 6. Nc3 d6 7. a4 Bg4 8. h3 Bxf3 9. Qxf3 Nd4 10. Qd1 c6 11. Be3 Ne6 12. Qf3 Nd4 13. Bxd4 exd4 14. Ne2 c5 15. Ng3 g6 16. Bb3 h5 17. Rae1 a6 18. e5 dxe5 19. Rxe5 h4 20. Rfe1 Bd6 21. Rg5 Kh8 22. Nf5 Nh7 23. Nxd6 Nxg5 24. Qd5 Qf6 25. Qxc5 Rab8 26. a5 Rbd8 27. Nxb7 Rfe8 28. Rf1 Re5 29. Qc7 Rde8 30. f4 Re1 31. Qd6 Rxf1+ 32. Kxf1 Ne6 33. Qe5 Qxe5 34. fxe5 Ng5 35. Bc4 Rc8 36. Ke1 Ne6 37. b4 Rc6 38. Kd2 Kg7 39. b5 axb5 40. Bxb5 Rc3 41. Kc1 Rc8 42. Bc4 Kf8 43. a6 Ra8 44. Kb2 Ke7 45. Kb3 Kd7 46. Kb4 Nc7 1/2-1/2

[Event "Belgrade (Women) 55th"]
[Site "Belgrade"]
[Date "2024.03.10"]
[Round "9"]
[White "Lu, Miaoyi"]
[Black "Pogorelskikh, Sofia"]
[Result "1-0"]
[WhiteElo "2392"]
[BlackElo "2214"]
[PlyCount "123"]
[EventDate "2024.03.02"]
[EventType "tourn"]
[EventRounds "9"]
[EventCountry "SRB"]
[EventCategory "1"]
[SourceTitle "CB11_2024"]
[SourceDate "2024.03.13"]
[SourceVersion "1"]
[SourceVersionDate "2024.03.13"]
[SourceQuality "1"]

1. e4 c5 2. Nf3 Nc6 3. Bb5 g6 4. 0-0 Bg7 5. Re1 e5 6. Bxc6 dxc6 7. a4 Qe7 8. Na3 Nh6 9. Nc4 f6 10. a5 0-0 11. d3 Nf7 12. Be3 Bh6 13. Nfd2 Be6 14. Qe2 Bxe3 15. Qxe3 Nd8 16. h4 Bf7 17. h5 Ne6 18. g3 g5 19. h6 Rfd8 20. Kg2 Kh8 21. Qf3 Nd4 22. Qd1 Qf8 23. Rh1 Bg6 24. Ne3 Rd7 25. Ng4 Rad8 26. Nc4 Qe7 27. c3 Ne6 28. Qf3 Nf4+ 29. gxf4 Rxd3 30. Qe2 exf4 31. f3 Bf7 32. Nf2 Bxc4 33. Nxd3 Bxd3 34. Qe1 c4 35. Rh5 Qf7 36. Qh1 Be2 37. Kf2 Rd2 38. Ke1 Qd7 39. Qh3 g4 40. Qxg4 Rd1+ 41. Kf2 Qxg4 42. fxg4 Rxa1 43. Kxe2 Rg1 44. Rf5 Rxg4 45. Rxf6 Kg8 46. Kf3 Rg5 47. a6 Rb5 48. axb7 Rxb2 49. Rxc6 Rxb7 50. Kxf4 a5 51. Kf5 Rb8 52. Ra6 Rf8+ 53. Ke6 Re8+ 54. Kf6 Rf8+ 55. Ke7 Rb8 56. e5 a4 57. e6 a3 58. Rxa3 Rb7+ 59. Kf6 Rb8 60. Ra7 Rc8 61. Ke7 Rb8 62. Rd7 1-0

[Event "Belgrade (Women) 55th"]
[Site "Belgrade"]
[Date "2024.03.09"]
[Round "8"]
[White "Mehmed, Elif"]
[Black "Lu, Miaoyi"]
[Result "1/2-1/2"]
[WhiteElo "2194"]
[BlackElo "2392"]
[PlyCount "42"]
[EventDate "2024.03.02"]
[EventType "tourn"]
[EventRounds "9"]
[EventCountry "SRB"]
[EventCategory "1"]
[SourceTitle "CB11_2024"]
[SourceDate "2024.03.13"]
[SourceVersion "1"]
[SourceVersionDate "2024.03.13"]
[SourceQuality "1"]

1. e4 c5 2. Nf3 Nc6 3. d4 cxd4 4. Nxd4 Qb6 5. Nb3 g6 6. Be3 Qb4+ 7. N1d2 Bg7 8. c3 Qd6 9. Be2 Qc7 10. Nd4 Nf6 11. Nb5 Qb8 12. c4 0-0 13. 0-0 Ne8 14. Nc3 Nd4 15. Nb3 Nxe2+ 16. Qxe2 b6 17. Nd5 e6 18. Bf4 Qb7 19. Ne7+ Kh8 20. Rfd1 Qa6 21. e5 Qa4 1/2-1/2

[Event "Portimao op"]
[Site "Portimao"]
[Date "2024.02.15"]
[Round "5"]
[White "Martins, Bruno Andre Leite"]
[Black "Lu, Miaoyi"]
[Result "1/2-1/2"]
[WhiteElo "2347"]
[BlackElo "2369"]
[PlyCount "115"]
[EventDate "2024.02.11"]
[EventType "swiss"]
[EventRounds "9"]
[EventCountry "POR"]
[SourceTitle "CB09_2024"]
[SourceDate "2024.02.28"]
[SourceVersion "1"]
[SourceVersionDate "2024.02.28"]
[SourceQuality "1"]

1. e4 c5 2. Nf3 Nc6 3. d4 cxd4 4. Nxd4 Nf6 5. Nc3 e6 6. Nxc6 bxc6 7. e5 Nd5 8. Ne4 Bb7 9. Be2 c5 10. 0-0 Qc7 11. Nd6+ Bxd6 12. exd6 Qc6 13. f3 e5 14. c4 Nf4 15. Bxf4 exf4 16. Qd2 0-0 17. Qxf4 Rae8 18. Bd3 Re6 19. Be4 Qb6 20. Bxb7 Qxb7 21. Qd2 Qa6 22. Qd5 Qxd6 23. Qxd6 Rxd6 24. Rad1 Ra6 25. Rxd7 Rxa2 26. Rb7 Rd8 27. Re1 h6 28. Kf2 Rd4 29. Re4 Rxe4 30. fxe4 a5 31. Kf3 Ra4 32. Rb5 Rxc4 33. Rxa5 Kf8 34. Ra7 Rb4 35. Ra2 g5 36. h4 Ke7 37. hxg5 hxg5 38. Kg4 Kf6 39. Ra6+ Ke5 40. Rc6 Kd4 41. Kxg5 Rxb2 42. g4 Rf2 43. e5 Re2 44. Rc7 Rxe5+ 45. Kf6 Re4 46. Kf5 Re5+ 47. Kf6 Ke4 48. Rxf7 Kf4 49. Ra7 Rd5 50. Ra4+ Rd4 51. Rxd4+ cxd4 52. g5 d3 53. g6 d2 54. g7 d1Q 55. g8Q Qd4+ 56. Kf7 Qd5+ 57. Kf8 Qxg8+ 58. Kxg8 1/2-1/2

[Event "Seville op 49th"]
[Site "Seville"]
[Date "2024.01.19"]
[Round "8"]
[White "Zylka, Stanislaw"]
[Black "Lu, Miaoyi"]
[Result "1/2-1/2"]
[WhiteElo "2411"]
[BlackElo "2252"]
[PlyCount "73"]
[EventDate "2024.01.12"]
[EventType "swiss"]
[EventRounds "9"]
[EventCountry "ESP"]
[SourceTitle "CB04_2024"]
[SourceDate "2023.10.16"]
[SourceVersion "1"]
[SourceVersionDate "2023.10.16"]
[SourceQuality "1"]

1. d4 Nf6 2. c4 e6 3. Nc3 Bb4 4. Qc2 c5 5. dxc5 0-0 6. Nf3 Na6 7. g3 Nxc5 8. Bg2 Nce4 9. 0-0 Bxc3 10. bxc3 d5 11. cxd5 exd5 12. Nd4 Bd7 13. Bf4 Qa5 14. Rac1 Rac8 15. Qb3 Rxc3 16. Qxb7 Rxc1 17. Rxc1 Qxa2 18. Be5 Re8 19. Bxe4 Rxe5 20. Bd3 Re8 21. Kg2 Qa4 22. Qb2 Qa5 23. Qb7 Rf8 24. Rc7 Qa1 25. Qxa7 Bh3+ 26. Kxh3 Qf1+ 27. Kh4 h6 28. Nf3 Ne4 29. Bxe4 dxe4 30. Ne5 Qxe2 31. Rxf7 g5+ 32. Kh3 Qh5+ 33. Kg2 Rxf7 34. Nxf7 Qf3+ 35. Kg1 Qd1+ 36. Kg2 Qf3+ 37. Kg1 1/2-1/2

[Event "Wch Blitz (Women)"]
[Site "Samarkand"]
[Date "2023.12.30"]
[Round "10"]
[White "Buksa, Nataliya"]
[Black "Lu, Miaoyi"]
[Result "1-0"]
[WhiteElo "2388"]
[BlackElo "2281"]
[PlyCount "33"]
[EventDate "2023.12.29"]
[EventType "swiss (blitz)"]
[EventRounds "17"]
[EventCountry "UZB"]
[SourceTitle "CB01_2024"]
[SourceDate "2024.01.03"]
[SourceVersion "1"]
[SourceVersionDate "2024.01.03"]
[SourceQuality "1"]

1. e4 c5 2. b3 Nc6 3. Bb2 e6 4. Nf3 a6 5. Nc3 e5 6. a4 d6 7. Bc4 g6 8. Nd5 Bg7 9. d3 Nge7 10. Ne3 0-0 11. h4 h6 12. Qd2 Nd4 13. c3 Nxf3+ 14. gxf3 h5 15. d4 Bd7 16. dxc5 dxc5 17. a5 1-0

[Event "Wch Blitz (Women)"]
[Site "Samarkand"]
[Date "2023.12.30"]
[Round "15"]
[White "Lu, Miaoyi"]
[Black "Pourkashiyan, Atousa"]
[Result "1-0"]
[WhiteElo "2281"]
[BlackElo "2259"]
[PlyCount "59"]
[EventDate "2023.12.29"]
[EventType "swiss (blitz)"]
[EventRounds "17"]
[EventCountry "UZB"]
[SourceTitle "CB01_2024"]
[SourceDate "2024.01.03"]
[SourceVersion "1"]
[SourceVersionDate "2024.01.03"]
[SourceQuality "1"]

1. e4 c5 2. Nf3 e6 3. c3 Nf6 4. e5 Nd5 5. Bc4 d6 6. d4 cxd4 7. cxd4 Nc6 8. 0-0 Be7 9. Qe2 0-0 10. Nc3 Nxc3 11. bxc3 dxe5 12. dxe5 Qc7 13. Bd3 g6 14. Bh6 Rd8 15. h4 Bd7 16. h5 Be8 17. Bc2 Rd5 18. Rfe1 Rad8 19. Qe4 Na5 20. hxg6 hxg6 21. Qg4 Qxc3 22. Bxg6 fxg6 23. Qxe6+ Kh7 24. Qxe7+ Kxh6 25. Qf8+ Kh5 26. Qh8+ Kg4 27. Qh4+ Kf5 28. Qf6+ Kg4 29. Re4+ Kh5 30. Rh4# 1-0

[Event "Wch Rapid (Women)"]
[Site "Samarkand"]
[Date "2023.12.27"]
[Round "5"]
[White "Goryachkina, Aleksandra"]
[Black "Lu, Miaoyi"]
[Result "1-0"]
[WhiteElo "2553"]
[BlackElo "2281"]
[PlyCount "129"]
[EventDate "2023.12.26"]
[EventType "swiss (rapid)"]
[EventRounds "11"]
[EventCountry "UZB"]
[SourceTitle "CB01_2024"]
[SourceDate "2024.01.03"]
[SourceVersion "1"]
[SourceVersionDate "2024.01.03"]
[SourceQuality "1"]

1. d4 Nf6 2. c4 e6 3. Nf3 Bb4+ 4. Nbd2 0-0 5. a3 Be7 6. e4 d6 7. Bd3 e5 8. 0-0 exd4 9. Nxd4 Nfd7 10. Re1 Bf6 11. Nf5 Nc5 12. Bc2 Nc6 13. Nf3 Re8 14. Rb1 g6 15. Nh6+ Kf8 16. b4 Ne6 17. Be3 a5 18. h3 axb4 19. axb4 Bg7 20. b5 Na5 21. Qd5 c6 22. Qd3 Nc5 23. Qa3 Be6 24. Ng5 Nab3 25. Nxh7+ Ke7 26. Bg5+ Kd7 27. Qb4 Qa5 28. bxc6+ bxc6 29. Qxa5 Nxa5 30. Ng4 Bxg4 31. hxg4 Ke6 32. Bf4 f6 33. g5 Nxc4 34. gxf6 Bxf6 35. Nxf6 Kxf6 36. Rb4 Ne5 37. Rd4 Rad8 38. Red1 Re6 39. f3 Rd7 40. Bg3 g5 41. Bf2 Nb7 42. Bb3 Ree7 43. Bg3 Rc7 44. R4d2 Red7 45. Bf2 Re7 46. Kf1 Rh7 47. Kg1 Rc8 48. Bg3 Re7 49. f4 gxf4 50. Bh4+ Kg7 51. Bxe7 c5 52. Bxd6 Nxd6 53. Rxd6 c4 54. Bc2 Ng4 55. e5 Ne3 56. Rg6+ Kf8 57. Rc1 Ke7 58. Rf6 Rg8 59. Be4 Rg4 60. Bf3 Rh4 61. Kf2 Kd7 62. Ke2 Ke7 63. Ra1 c3 64. Ra7+ Ke8 65. Bc6+ 1-0

[Event "Wch Rapid (Women)"]
[Site "Samarkand"]
[Date "2023.12.27"]
[Round "8"]
[White "Lu, Miaoyi"]
[Black "Kiolbasa, Oliwia"]
[Result "1-0"]
[WhiteElo "2281"]
[BlackElo "2379"]
[PlyCount "131"]
[EventDate "2023.12.26"]
[EventType "swiss (rapid)"]
[EventRounds "11"]
[EventCountry "UZB"]
[SourceTitle "CB01_2024"]
[SourceDate "2024.01.03"]
[SourceVersion "1"]
[SourceVersionDate "2024.01.03"]
[SourceQuality "1"]

1. e4 e5 2. Nf3 Nc6 3. Bb5 a6 4. Ba4 Nf6 5. 0-0 Bc5 6. c3 b5 7. Bc2 d6 8. a4 Ba7 9. Na3 0-0 10. Qe2 b4 11. Nc4 Rb8 12. a5 b3 13. Bd3 Nh5 14. g3 Bh3 15. Re1 Qf6 16. Ne3 Ne7 17. Kh1 Ng6 18. Nd5 Qe6 19. Ng5 Qg4 20. Qxg4 Bxg4 21. f3 Bd7 22. Bf1 c6 23. Nb4 h6 24. Nh3 Rbc8 25. Nxa6 d5 26. Nb4 dxe4 27. fxe4 f5 28. d3 f4 29. gxf4 exf4 30. d4 c5 31. dxc5 Bxc5 32. Nd5 Bg4 33. e5 Nh4 34. Ng1 f3 35. Re4 f2 36. Rxg4 fxg1Q+ 37. Rxg1 Bxg1 38. Kxg1 Rcd8 39. Be3 Nf3+ 40. Kg2 Nxe5 41. Nc7 Ng4 42. Bd4 Nf4+ 43. Kg3 h5 44. a6 Nh6 45. a7 Nf5+ 46. Kxf4 Nxd4+ 47. Kg3 Nf5+ 48. Kh3 Ne3 49. Be2 g5 50. a8Q g4+ 51. Kg3 Nf5+ 52. Kg2 Ne3+ 53. Kg1 Rxa8 54. Rxa8 Rxa8 55. Nxa8 Kf7 56. Kf2 Nf5 57. Bc4+ Kf6 58. Bxb3 Ke5 59. Nb6 h4 60. Bd1 g3+ 61. hxg3 hxg3+ 62. Kf3 g2 63. Kf2 Kf4 64. Nd5+ Ke5 65. Bf3 Nh4 66. Bxg2 1-0

[Event "Wch Rapid (Women)"]
[Site "Samarkand"]
[Date "2023.12.26"]
[Round "1"]
[White "Ju, Wenjun"]
[Black "Lu, Miaoyi"]
[Result "1/2-1/2"]
[WhiteElo "2560"]
[BlackElo "2281"]
[PlyCount "154"]
[EventDate "2023.12.26"]
[EventType "swiss (rapid)"]
[EventRounds "11"]
[EventCountry "UZB"]
[SourceTitle "CB01_2024"]
[SourceDate "2024.01.03"]
[SourceVersion "1"]
[SourceVersionDate "2024.01.03"]
[SourceQuality "1"]

1. Nf3 Nf6 2. g3 e6 3. Bg2 d5 4. 0-0 Be7 5. d4 0-0 6. c4 dxc4 7. Qc2 a6 8. a4 h6 9. Rd1 Nc6 10. e3 Nb4 11. Qxc4 b5 12. Qe2 Bb7 13. Nc3 bxa4 14. Rxa4 a5 15. Ne5 Bxg2 16. Kxg2 c5 17. dxc5 Qc7 18. Nc4 Bxc5 19. e4 Nc6 20. Be3 Bb4 21. f3 Ne5 22. Nxe5 Qxe5 23. Bd4 Qg5 24. e5 Bxc3 25. bxc3 Nd5 26. Qd2 Qf5 27. Rda1 Rfb8 28. Rxa5 Rxa5 29. Rxa5 Qb1 30. Ra2 Qb3 31. Qc2 Qc4 32. Qe2 Qxe2+ 33. Rxe2 Rc8 34. Rc2 Nb4 35. Rb2 Nc6 36. Kf2 Nxd4 37. cxd4 Rc3 38. Rd2 h5 39. h4 g6 40. Ke2 Ra3 41. Rd3 Ra2+ 42. Ke3 Kg7 43. Kf4 Ra4 44. Ke4 Rb4 45. Ra3 Rb1 46. Ra7 Rg1 47. Kf4 Kg8 48. Rd7 Rd1 49. g4 hxg4 50. fxg4 Rd2 51. Kg5 Kg7 52. Kf4 Kg8 53. Rd8+ Kg7 54. Rd6 Rf2+ 55. Kg3 Rd2 56. Rd7 Re2 57. Kf3 Re1 58. g5 Kg8 59. Kf2 Re4 60. Kg3 Kg7 61. Rd8 Kh7 62. Rd7 Kg8 63. Kh3 Kf8 64. Kg3 Kg8 65. Rd6 Kf8 66. Kh3 Ke7 67. Kg3 Kf8 68. d5 Rxe5 69. dxe6 Rxe6 70. Rxe6 fxe6 71. Kf4 Ke8 72. Ke4 Kd7 73. Kf4 Kd6 74. h5 gxh5 75. g6 Ke7 76. Kg5 Kf8 77. Kxh5 Kg7 1/2-1/2

[Event "CHN-chT Div A Finals"]
[Site "Nanjing"]
[Date "2023.12.02"]
[Round "1.29"]
[White "Lu, Miaoyi"]
[Black "Ding, Yixin"]
[Result "1/2-1/2"]
[WhiteElo "2281"]
[BlackElo "2402"]
[PlyCount "84"]
[EventDate "2023.12.02"]
[EventType "team-tourn"]
[EventRounds "10"]
[EventCountry "CHN"]
[SourceTitle "CB50_2023"]
[SourceDate "2023.12.13"]
[SourceVersion "1"]
[SourceVersionDate "2023.12.13"]
[SourceQuality "1"]
[WhiteTeam "Hangzhou Yizhan"]
[BlackTeam "Zhejiang Shaoxing"]
[WhiteTeamCountry "CHN"]
[BlackTeamCountry "CHN"]

1. e4 e6 2. d4 d5 3. Nc3 dxe4 4. Nxe4 Nd7 5. Nf3 Ngf6 6. Bg5 h6 7. Bxf6 Nxf6 8. Bd3 Nxe4 9. Bxe4 c5 10. Qe2 Qa5+ 11. c3 cxd4 12. Nxd4 Qb6 13. Qb5+ Qxb5 14. Nxb5 Ke7 15. 0-0-0 f5 16. Bxf5 exf5 17. Nc7 Rb8 18. Rhe1+ Kf7 19. Rd8 b5 20. Ree8 b4 21. c4 b3 22. a3 g5 23. c5 g4 24. Kd1 h5 25. Na6 Bxa6 26. Rxb8 h4 27. c6 g3 28. fxg3 hxg3 29. h3 f4 30. Re4 Rh4 31. Rxb3 Bd6 32. Rxg3 Rh8 33. Rc3 Bf1 34. Rd4 Be5 35. Rd7+ Ke6 36. Rc2 Rg8 37. Rdd2 f3 38. c7 Bxc7 39. Rc6+ Ke5 40. gxf3 Bb6 41. h4 Rh8 42. Ke1 Ba6 1/2-1/2